Reflexiones teóricas para la Educación Matemática.
Uloženo v:
| Hlavní autor: | |
|---|---|
| Další autoři: | , |
| Médium: | Kniha |
| Vydáno: |
Buenos Aires, Argentina:
Libros del Zorzal,
2005.
|
| Vydání: | 1a.ed. |
| Edice: | Formación Docente, Matemática ;
5 |
| Témata: | |
| Tagy: |
Přidat tag
Žádné tagy, Buďte první, kdo vytvoří štítek k tomuto záznamu!
|
MARC
| LEADER | 00000nam a22000007a 4500 | ||
|---|---|---|---|
| 003 | CL-VaPUC | ||
| 005 | 20240924155750.0 | ||
| 008 | 240905t2005 ||||| |||| 00| 0 eng d | ||
| 999 | |c 444625 |d 444623 | ||
| 020 | |a 987-1081-74-X | ||
| 040 | |c Pontificia Universidad Católica de Valparaíso | ||
| 082 | |2 22 |a 372.7044 ALA 2005 | ||
| 100 | |a Aliaga, Humberto |e autor |9 891058 | ||
| 245 | |a Reflexiones teóricas para la Educación Matemática. | ||
| 250 | |a 1a.ed. | ||
| 260 | |a Buenos Aires, Argentina: |b Libros del Zorzal, |c 2005. | ||
| 300 | |a 125 páginas | ||
| 490 | |a Formación Docente, |a Matemática ; |v 5 | ||
| 500 | |a c.1 Donación Sr. Carlos Cabezas / MEMO 4/24 Biblioteca de Matemáticas. | ||
| 583 | |k GC |c 20220413 | ||
| 650 | 0 | |9 260235 |a Matemática |v Métodos de enseñanza |x Construcción de conocimientos | |
| 650 | 0 | |9 560854 |a Didáctica de la matemática |v Aspectos teóricos |x Educación básica | |
| 700 | |a Bressan, Ana |e autora |9 891059 | ||
| 700 | |a Sadovsky, Patricia |e autora |9 891060 | ||
| 942 | |2 ddc |c BK | ||
| 952 | |0 0 |1 0 |2 ddc |4 0 |6 372_704400000000000_ALA_2005 |7 0 |8 A |9 596624 |a BIBMAT |b BIBMAT |d 2024-09-05 |e Donación |i 5662628 |o 372.7044 ALA 2005 |p 5662628 |r 2025-01-07 |t 1 |w 2024-09-05 |y BK |k MAT | ||